00742nam a2200229 a 450000100060000000300080000600500170001400800410003103500190007204000270009104100080011808200290012610000480015524500500020326000460025330000210029949000290032050000660034960000480041565000200046383000290048363128BD-RjUL20211209081149.0170128s vau 000 0 eng d a(BD-RjUL)63256 aDLCcDLCdBD-RjULbeng aeng00a979.004972222bCRL 18681 aCremony, John C.q(John Carey),d1815-1879.10aLife among the Apaches /cby John C. Cremony. aAlexandria, Va. :bTime-Life Books,c1868 a322 p. ;c22 cm.1 aClassics of the Old West aReprint of the 1868 ed. published by A. Roman, San Francisco.10aCremony, John C.q(John Carey),d1815-1879. 0aApache Indians. 0aClassics of the Old West